|
|
|
|
| LEADER |
00753cam a2200241 7i4500 |
| 001 |
0000046486 |
| 005 |
20180225090000.0 |
| 008 |
180225s2004 enk eng |
| 020 |
# |
0 |
|a 0540085863
|
| 040 |
# |
# |
|b eng
|c UMT
|e rda
|
| 090 |
0 |
0 |
|a AE 5
|b .P4 2004
|
| 245 |
0 |
0 |
|a Philip's encyclopedia
|c editor Joanna Ports.
|
| 250 |
# |
# |
|a Comprehensive ed..
|
| 264 |
# |
1 |
|a London:
|b George Philip,
|c 2004.
|
| 264 |
# |
4 |
|c ♭ 2004.
|
| 300 |
# |
# |
|a 960 p.:
|b col. ill., maps;
|c 27 cm..
|
| 336 |
# |
# |
|a text
|2 rdacontent<U+0009>
|
| 337 |
# |
# |
|a unmediated
|2 rdamedia<U+0009>
|
| 338 |
# |
# |
|a volume
|2 rdacarrier<U+0009><U+0009>
|
| 500 |
# |
# |
|a Includes index
|
| 650 |
0 |
0 |
|a Encyclopedias and dictionaries
|
| 700 |
1 |
1 |
|a Ports, Joanna
|
| 999 |
|
|
|a 1100036399
|b Book
|c Rujukan
|e KOLEKSI RUJUKAN
|